000 00645nam a2200205 a 4500
005 20260328064232.0
008 991125s2002 mx 000 0 spa u
020 _a9688670316
035 _aUPN01000129434
049 _aCG
050 4 _aPQ7297 A2
_bC3.3a
100 1 _aAbreu Gómez, Ermilo,
_d1894-1971
_928026
245 1 0 _aCanek :
_bhistoria y leyenda de un héroe maya /
_cErmilo Abreu Gómez ; pról. de Antonio Castro Leal.
260 _aMéxico :
_bColofón,
_c2002.
300 _a147 p.
650 4 _aNovela mexicana
_94557
650 4 _aMayas
_xVida social y costumbres
_912451
650 4 _aMayas
_xLeyendas
_916736
905 _aLibro
999 _c101606
_d101606